| 000 | 00674nam a22002177a 4500 | ||
|---|---|---|---|
| 999 |
_c7687 _d7687 |
||
| 003 | OSt | ||
| 005 | 20220215101147.0 | ||
| 008 | 220215b ||||| |||| 00| 0 eng d | ||
| 020 | _a9780255365925 | ||
| 040 | _cDDC | ||
| 082 | _a335.5 MEA 2007 | ||
| 100 |
_aMeadowcroft, John: Mark Pennington _915709 |
||
| 245 | _aRescuing social capital from social democracy. | ||
| 260 |
_aLondon : _b Institute of Economic Affairs; _c©2007 |
||
| 300 |
_a107 pages ; _c20 cm |
||
| 504 | _aIncludes bibliographical references. | ||
| 650 |
_aInfrastructure (Economics) . _915710 |
||
| 650 |
_aMarkets. _915711 |
||
| 650 |
_aDemocracy -- Economic aspects. _915712 |
||
| 942 |
_2ddc _cBOOK |
||